| 000 | 00475nam a2200181Ia 4500 | ||
|---|---|---|---|
| 008 | 220531s9999 xx 000 0 und d | ||
| 041 | _amar | ||
| 100 |
_aमेश्राम वा.ना. _968253 |
||
| 245 | _aवीर बरसा मुंडा | ||
| 250 | _a2ND | ||
| 260 |
_aPune _bSugava _c2014 |
||
| 300 | _a44 | ||
| 542 | _d20-12-2014 | ||
| 551 |
_aMarathi _bUgc-MRA |
||
| 650 |
_aSociology _968254 |
||
| 906 |
_d2014-2015 _f4025 |
||
| 999 |
_c38358 _d38358 |
||